Krátka exkurzia do švajčiarskeho priehradného staviteľstva
Priehradné staviteľstvo Švajčiarska. Funkcia prevažnej väčšiny priehrad vo Švajčiarsku - zadržiavanie vody na energetické využitie. Charakteristika priehrad: Rhoannenberg, Grande Dixance, Moiry, Spitallamm.
Salvato in:
| Autore principale: | |
|---|---|
| Natura: | Capitolo di libro |
| Lingua: | slovacco |
| Soggetti: | |
| Tags: |
Nessun Tag, puoi essere il primo ad aggiungerne!!
|
MARC
| LEADER | 00000naa a2200000 4500 | ||
|---|---|---|---|
| 001 | 0267308 | ||
| 005 | 20200727104222.7 | ||
| 041 | 0 | |a slo | |
| 044 | |a SK | ||
| 245 | 1 | 0 | |a Krátka exkurzia do švajčiarskeho priehradného staviteľstva |c Emília Bednárová |
| 520 | |a Priehradné staviteľstvo Švajčiarska. Funkcia prevažnej väčšiny priehrad vo Švajčiarsku - zadržiavanie vody na energetické využitie. Charakteristika priehrad: Rhoannenberg, Grande Dixance, Moiry, Spitallamm. | ||
| 610 | 2 | 0 | |a priehrady |
| 610 | 2 | 0 | |a diela vodné |
| 610 | 2 | 0 | |a voda |
| 610 | 2 | 0 | |a vodohospodárstvo |
| 610 | 2 | 0 | |a energia vodná |
| 610 | 2 | 0 | |a Švajčiarsko |
| 100 | 1 | |a Bednárová, Emília | |